[Event "ODEM U25 2010"]
[Site "Oberhof GER"]
[Date "2010.05.26"]
[Round "6"]
[White "Veit, Björn"]
[Black "Adelhütte, Dennis"]
[Result "1-0"]
[Termination "normal"]
[Board "13"]
[WhiteElo "1742"]
[BlackElo "1923"]
[PlyCount "61"]
[WhiteFideId "24600717"]
[BlackFideId "4661265"]
[EventCountry "GER"]
[EventRounds "9"]
[EventType "swiss"]
[EventDate "2010.05.22"]

1. Nc3 e6 2. e4 d5 3. d4 Nf6 4. Bg5 Bb4 5. e5 h6 6. Be3 Ne4 7. Nge2 Nd7 8. a3
Nxc3 9. Nxc3 Bxc3+ 10. bxc3 c5 11. Be2 Qc7 12. O-O O-O 13. f4 cxd4 14. cxd4 Nb6
15. g4 Nc4 16. Bc1 Bd7 17. f5 exf5 18. gxf5 Rfe8 19. Bh5 Bxf5 20. Rxf5 g6 21.
Qg4 Kh7 22. Rf6 Rg8 23. Qf4 gxh5+ 24. Kh1 Rg7 25. Qf5+ Kg8 26. Bxh6 Ne3 27.
Bxe3 Qc3 28. Rg1 Qxe3 29. Rxg7+ Kxg7 30. Rxf7+ Kh6 31. Qf6# 1-0

[Event "ODEM U25 2010"]
[Site "Oberhof GER"]
[Date "2010.05.26"]
[Round "6"]
[White "Ehlers, Michael"]
[Black "Mainik, Philipp"]
[Result "1-0"]
[Termination "normal"]
[Board "14"]
[WhiteElo "1958"]
[BlackElo "1716"]
[PlyCount "89"]
[WhiteFideId "4674537"]
[BlackFideId "4638646"]
[EventCountry "GER"]
[EventRounds "9"]
[EventType "swiss"]
[EventDate "2010.05.22"]

1. d4 Nf6 2. c4 g6 3. Nc3 d5 4. cxd5 Nxd5 5. e4 Nxc3 6. bxc3 Bg7 7. Bc4 O-O 8.
Ne2 c5 9. Be3 cxd4 10. cxd4 Nc6 11. O-O Na5 12. Bd3 b6 13. Rc1 e6 14. Rc3 Bb7
15. Qc2 Rc8 16. Rc1 Rxc3 17. Qxc3 Qa8 18. f3 Rc8 19. Qb2 Bf8 20. Kf2 Nc6 21.
Bd2 Bg7 22. Be3 h6 23. a3 Ne7 24. Bc4 Kh7 25. g4 Rd8 26. Qb1 f5 27. Nf4 fxe4
28. Nxe6 Rc8 29. Nxg7 Kxg7 30. Qb5 Qb8 31. f4 Qd6 32. Qe5+ Qxe5 33. dxe5 Bd5
34. Bxd5 Rxc1 35. Bxc1 Nxd5 36. f5 gxf5 37. gxf5 h5 38. Kg3 b5 39. Bd2 a6 40.
Kh4 Nb6 41. Kxh5 Nc4 42. Bc3 e3 43. e6+ Kg8 44. f6 e2 45. f7+ 1-0

[Event "ODEM U25 2010"]
[Site "Oberhof GER"]
[Date "2010.05.26"]
[Round "6"]
[White "Matschewsky, Justus"]
[Black "Arps, Jan-Philipp"]
[Result "1/2-1/2"]
[Termination "normal"]
[Board "15"]
[WhiteElo "1727"]
[BlackElo "2013"]
[PlyCount "76"]
[WhiteFideId "24678708"]
[BlackFideId "24645680"]
[EventCountry "GER"]
[EventRounds "9"]
[EventType "swiss"]
[EventDate "2010.05.22"]

1. e4 c5 2. Nf3 Nc6 3. d4 cxd4 4. Nxd4 g6 5. Nc3 Bg7 6. Be3 Nf6 7. Be2 O-O 8.
O-O d5 9. exd5 Nxd5 10. Nxd5 Nxd4 11. Bxd4 Qxd5 12. Bxg7 Qxd1 13. Raxd1 Kxg7
14. Bf3 Be6 15. Bd5 Bf5 16. c3 Rac8 17. Rfe1 Rc7 18. Be4 Be6 19. Bd5 Bc8 20.
Bf3 b5 21. Rd4 Bb7 22. Bxb7 Rxb7 23. g3 a5 24. a3 Rfb8 25. Ree4 e6 26. Kg2 Rb6
27. Re5 Rc6 28. Re2 Rb7 29. a4 Rc5 30. axb5 Rcxb5 31. Ra4 e5 32. b4 axb4 33.
Rxb4 Rxb4 34. cxb4 Rb5 35. Rb2 f5 36. Kf3 Kf6 37. Ke3 Ke6 38. Kd3 Kd5 1/2-1/2

[Event "ODEM U25 2010"]
[Site "Oberhof GER"]
[Date "2010.05.26"]
[Round "6"]
[White "Hefner, Felix"]
[Black "Gölz, Daniel"]
[Result "0-1"]
[Termination "normal"]
[Board "16"]
[WhiteElo "1597"]
[BlackElo "2095"]
[PlyCount "74"]
[WhiteFideId "12910651"]
[BlackFideId "24626325"]
[EventCountry "GER"]
[EventRounds "9"]
[EventType "swiss"]
[EventDate "2010.05.22"]

1. d4 Nf6 2. Nf3 d6 3. c4 Nbd7 4. Nc3 g6 5. g3 Bg7 6. Bg2 c6 7. e4 O-O 8. O-O
e5 9. d5 Qc7 10. Re1 a6 11. a4 a5 12. h3 Nc5 13. Nh2 Rd8 14. Be3 Qb6 15. Rb1
Qb4 16. Bxc5 Qxc5 17. Bf1 Nh5 18. Qf3 Rf8 19. Qe3 Qb4 20. Nf3 f5 21. exf5 gxf5
22. Qg5 Nf6 23. h4 h6 24. Qd2 Ng4 25. Nh2 Nxh2 26. Kxh2 Bd7 27. Qc2 Be8 28. Kg1
Bg6 29. dxc6 bxc6 30. Na2 Qc5 31. Bd3 e4 32. Be2 f4 33. gxf4 Rxf4 34. Bf1 Rg4+
35. Bg2 e3 36. Qe2 exf2+ 37. Kh2 Rxh4+ 0-1

[Event "ODEM U25 2010"]
[Site "Oberhof GER"]
[Date "2010.05.26"]
[Round "6"]
[White "Carow, Annelen"]
[Black "Siegl, Pascal"]
[Result "1-0"]
[Termination "normal"]
[Board "17"]
[WhiteElo "1773"]
[BlackElo "1595"]
[PlyCount "73"]
[WhiteFideId "24692492"]
[BlackFideId "24657069"]
[EventCountry "GER"]
[EventRounds "9"]
[EventType "swiss"]
[EventDate "2010.05.22"]

1. d4 d5 2. c4 e5 3. dxe5 d4 4. Nf3 c5 5. g3 Nc6 6. Bg2 Be6 7. Nbd2 Nge7 8. Ne4
Ng6 9. b3 h6 10. O-O Qd7 11. Ba3 b6 12. Qc1 Bh3 13. e3 Bxg2 14. Kxg2 Qg4 15.
Nd6+ Bxd6 16. exd6 O-O 17. Qd1 Rad8 18. exd4 Nxd4 19. Nxd4 Qxd4 20. Qxd4 cxd4
21. Rfd1 Rd7 22. Rxd4 f6 23. Re1 Kf7 24. Rde4 Rfd8 25. f4 h5 26. Rd4 h4 27.
Red1 hxg3 28. hxg3 Re8 29. Kf3 Rh8 30. b4 Rh2 31. R1d2 Rxd2 32. Rxd2 Ke8 33. c5
b5 34. c6 Rf7 35. Bb2 Kd8 36. Bd4 Nf8 37. Re2 1-0

[Event "ODEM U25 2010"]
[Site "Oberhof GER"]
[Date "2010.05.26"]
[Round "6"]
[White "Geldner, Gerrit"]
[Black "Yin, Stanley"]
[Result "0-1"]
[Termination "normal"]
[Board "18"]
[WhiteElo "1594"]
[BlackElo "1976"]
[PlyCount "102"]
[WhiteFideId "24678929"]
[BlackFideId "24622729"]
[EventCountry "GER"]
[EventRounds "9"]
[EventType "swiss"]
[EventDate "2010.05.22"]

1. f4 d5 2. e3 c5 3. Nf3 Nc6 4. Bb5 Bd7 5. b3 Nf6 6. Bb2 a6 7. Bxc6 Bxc6 8. O-O
g6 9. Ne5 Bg7 10. Na3 O-O 11. c4 Qc7 12. Rc1 Nd7 13. d4 Nxe5 14. fxe5 dxc4 15.
Nxc4 b5 16. Nd2 Qb7 17. Nf3 Bh6 18. Rxc5 Bxe3+ 19. Kh1 Rad8 20. Qd3 Bh6 21. Bc1
Bg7 22. Bf4 Be4 23. Qe3 Rd7 24. Rd1 Rfd8 25. Rd2 Bxf3 26. gxf3 e6 27. Kg2 Bf8
28. Rc1 Rc8 29. Rxc8 Qxc8 30. Bg5 Rc7 31. Qd3 h6 32. Bf6 Bb4 33. Rb2 Rc3 34.
Qe4 Rc1 35. Re2 Bf8 36. Qd3 Qc6 37. Qe3 Rc3 38. Qf2 g5 39. h3 Rc1 40. Re1 Bb4
41. Re3 Bd2 42. Re2 Bf4 43. Be7 Qc3 44. Bc5 Qa1 45. Re4 Rh1 46. Rxf4 gxf4 47.
Bb4 Rd1 48. Bd2 Qxa2 49. Bxf4 Qxf2+ 50. Kxf2 Rxd4 51. Bxh6 Rb4 0-1

[Event "ODEM U25 2010"]
[Site "Oberhof GER"]
[Date "2010.05.26"]
[Round "6"]
[White "Holle, Eric"]
[Black "Arsen, Abrahamyan"]
[Result "0-1"]
[Termination "normal"]
[Board "19"]
[WhiteElo "1694"]
[BlackElo "1664"]
[PlyCount "68"]
[WhiteFideId "4624610"]
[EventCountry "GER"]
[EventRounds "9"]
[EventType "swiss"]
[EventDate "2010.05.22"]

1. e4 c5 2. Nf3 Nc6 3. d4 cxd4 4. Nxd4 e5 5. Nb5 d6 6. c4 a6 7. N5a3 Nf6 8. Nc3
Be7 9. Be2 O-O 10. Be3 Be6 11. O-O Nd7 12. f3 Rc8 13. Qd2 Nb6 14. Nd5 Nd7 15.
Rfd1 Bxd5 16. cxd5 Nd4 17. Bf1 f5 18. Rac1 Rxc1 19. Rxc1 fxe4 20. fxe4 Nc5 21.
Bd3 Nxd3 22. Qxd3 Bg5 23. Nc2 Nxc2 24. Rxc2 Bxe3+ 25. Qxe3 Qh4 26. a4 Qg4 27.
Rc1 Qd7 28. b3 Qg4 29. b4 Qd7 30. Qb3 Qg4 31. Qc4 Qf4 32. b5 axb5 33. axb5 b6
34. Rc2 Qe3+ 0-1

[Event "ODEM U25 2010"]
[Site "Oberhof GER"]
[Date "2010.05.26"]
[Round "6"]
[White "Celmer, Ole"]
[Black "Kast, Joannis"]
[Result "0-1"]
[Termination "normal"]
[Board "20"]
[WhiteElo "1671"]
[BlackElo "1733"]
[PlyCount "104"]
[WhiteFideId "24657107"]
[BlackFideId "24698776"]
[EventCountry "GER"]
[EventRounds "9"]
[EventType "swiss"]
[EventDate "2010.05.22"]

1. e4 e5 2. Nf3 Nc6 3. Bc4 Bc5 4. c3 Nf6 5. d3 a6 6. Bg5 d6 7. b4 Bb6 8. h3 Be6
9. Bb3 O-O 10. O-O Kh8 11. Nbd2 Qd7 12. Bxe6 fxe6 13. Re1 Nh5 14. Nf1 Rf7 15.
Be3 h6 16. Bxb6 cxb6 17. d4 Nf4 18. Ng3 Raf8 19. Re3 Qe7 20. dxe5 Nxe5 21. Nxe5
dxe5 22. Nh1 Rd8 23. Qc2 Qe8 24. Rd1 Rxd1+ 25. Qxd1 Rd7 26. Qc2 Qd8 27. Ng3
Rd1+ 28. Nf1 g5 29. a4 Kh7 30. Rg3 Re1 31. Re3 Qd1 32. Qxd1 Rxd1 33. c4 Rc1 34.
b5 Rxc4 35. bxa6 bxa6 36. Ra3 Rxe4 37. Ne3 Kg6 38. Kf1 h5 39. Kg1 Kf6 40. Kf1
Ke7 41. Kg1 Nd5 42. Nc2 Rc4 43. Ne3 Nxe3 44. fxe3 Kd6 45. Rb3 Kc5 46. Ra3 e4
47. Kf2 Kb4 48. Ra1 Ka5 49. g4 hxg4 50. hxg4 Rxa4 51. Rd1 Ra2+ 52. Kf1 Ra3 0-1

[Event "ODEM U25 2010"]
[Site "Oberhof GER"]
[Date "2010.05.26"]
[Round "6"]
[White "Klosa, Kevin"]
[Black "Schneider, Johannes"]
[Result "0-1"]
[Termination "normal"]
[Board "21"]
[WhiteElo "1493"]
[BlackElo "1801"]
[PlyCount "48"]
[WhiteFideId "12900206"]
[BlackFideId "24687260"]
[EventCountry "GER"]
[EventRounds "9"]
[EventType "swiss"]
[EventDate "2010.05.22"]

1. e4 c5 2. Nc3 e6 3. f4 a6 4. a4 b6 5. Bc4 Bb7 6. d3 d5 7. Ba2 dxe4 8. dxe4
Qxd1+ 9. Kxd1 Nf6 10. Nf3 Nxe4 11. Nxe4 Bxe4 12. Rf1 Nc6 13. g4 O-O-O+ 14. Bd2
Nb4 15. Bb1 Be7 16. Ne5 Rhf8 17. Re1 Bb7 18. Nc4 Kc7 19. Kc1 Rd4 20. Ne3 Rfd8
21. Bc3 Rxf4 22. Be5+ Bd6 23. Bxf4 Bxf4 24. Ra3 Nd5 0-1

[Event "ODEM U25 2010"]
[Site "Oberhof GER"]
[Date "2010.05.26"]
[Round "6"]
[White "Bischoff, Nico"]
[Black "Hartzendorf, Jonathan"]
[Result "1/2-1/2"]
[Termination "normal"]
[Board "22"]
[WhiteElo "1518"]
[BlackElo "1671"]
[PlyCount "32"]
[WhiteFideId "24661007"]
[BlackFideId "24660990"]
[EventCountry "GER"]
[EventRounds "9"]
[EventType "swiss"]
[EventDate "2010.05.22"]

1. d4 d5 2. Nf3 Nf6 3. c4 c6 4. Nc3 e6 5. Bg5 Be7 6. e3 O-O 7. Bd3 dxc4 8. Bxc4
Nd5 9. Bxe7 Qxe7 10. Bd3 Qb4 11. Qc2 h6 12. O-O Nd7 13. a3 Qe7 14. Rac1 Re8 15.
Bc4 N7b6 16. Bb3 Bd7 1/2-1/2

[Event "ODEM U25 2010"]
[Site "Oberhof GER"]
[Date "2010.05.26"]
[Round "6"]
[White "Luther, Alexander"]
[Black "Bingert, Tim Niklas"]
[Result "1-0"]
[Termination "normal"]
[Board "23"]
[WhiteElo "1944"]
[BlackElo "1411"]
[PlyCount "67"]
[WhiteFideId "24682616"]
[BlackFideId "12917907"]
[EventCountry "GER"]
[EventRounds "9"]
[EventType "swiss"]
[EventDate "2010.05.22"]

1. e4 c5 2. Nf3 Nc6 3. d4 cxd4 4. Nxd4 g6 5. Be3 Bg7 6. Nc3 Nf6 7. Bc4 O-O 8.
Bb3 a5 9. O-O Ng4 10. Nxc6 dxc6 11. Qxd8 Rxd8 12. Bb6 Re8 13. h3 Nf6 14. Rad1
Nd7 15. Be3 b5 16. a3 Nf8 17. f4 Bxc3 18. bxc3 Be6 19. f5 Bxb3 20. cxb3 a4 21.
b4 Rad8 22. Bb6 Rd7 23. Kh2 Rb8 24. Bc5 Rbd8 25. Rxd7 Rxd7 26. f6 e6 27. Rf4 h5
28. Bxf8 Kxf8 29. e5 Rd5 30. Rd4 Ke8 31. Rxd5 cxd5 32. Kg3 Kf8 33. Kf4 Ke8 34.
h4 1-0

[Event "ODEM U25 2010"]
[Site "Oberhof GER"]
[Date "2010.05.26"]
[Round "6"]
[White "Twerskoi, David"]
[Black "Kirn, Philipp Sebastian"]
[Result "1-0"]
[Termination "normal"]
[Board "24"]
[WhiteElo "1632"]
[BlackElo "1099"]
[PlyCount "70"]
[EventCountry "GER"]
[EventRounds "9"]
[EventType "swiss"]
[EventDate "2010.05.22"]

1. c4 e5 2. Nc3 Nf6 3. Nf3 Nc6 4. d3 Bc5 5. a3 d5 6. b4 Be7 7. b5 e4 8. bxc6
exf3 9. d4 bxc6 10. exf3 Ba6 11. Qa4 Bb7 12. c5 O-O 13. Rb1 Rb8 14. Bd3 Re8 15.
O-O a6 16. Qa5 Nd7 17. Bf4 Qc8 18. Bxc7 Ra8 19. Rfe1 Ra7 20. Bf4 Bf6 21. Qa4
Nxc5 22. Rxe8+ Qxe8 23. dxc5 Bxc3 24. Bxh7+ Kxh7 25. Qc2+ Kg8 26. Qxc3 Bc8 27.
Bd6 Rb7 28. Re1 Be6 29. Qd3 Ra7 30. h3 Qd7 31. g4 f5 32. Kg2 a5 33. Qd2 Qf7 34.
Re5 Qg6 35. Qe3 Rf7 1-0

[Event "ODEM U25 2010"]
[Site "Oberhof GER"]
[Date "2010.05.26"]
[Round "6"]
[White "Kühne, Niklas"]
[Black "Oltmanns, Bianca"]
[Result "1/2-1/2"]
[Termination "normal"]
[Board "25"]
[WhiteElo "1652"]
[BlackElo "1402"]
[PlyCount "89"]
[WhiteFideId "24690015"]
[BlackFideId "24698008"]
[EventCountry "GER"]
[EventRounds "9"]
[EventType "swiss"]
[EventDate "2010.05.22"]

1. c4 f5 2. d4 Nf6 3. Nc3 e6 4. Nf3 Be7 5. Bf4 O-O 6. e3 b6 7. Be2 Bb7 8. O-O
d6 9. a3 Qe8 10. Nb5 Bd8 11. h3 a6 12. Nc3 Nbd7 13. Re1 e5 14. Bh2 exd4 15.
exd4 Qf7 16. d5 Ne4 17. Nd4 Ne5 18. Ne6 Re8 19. Nxe4 fxe4 20. Bxe5 dxe5 21. Bg4
Bf6 22. Rxe4 g6 23. Re3 Bc8 24. Bf3 Rb8 25. Be4 Kh8 26. Rg3 Bxe6 27. dxe6 Qxe6
28. Qd5 Rbd8 29. Qxe6 Rxe6 30. Rd3 Red6 31. Rad1 Kg7 32. Rxd6 Rxd6 33. Rxd6
cxd6 34. Kf1 Bg5 35. b4 Kf8 36. Ke2 Ke7 37. a4 Bc1 38. Kf3 Kf6 39. Kg4 Bd2 40.
b5 a5 41. h4 Be1 42. f3 h5+ 43. Kh3 g5 44. hxg5+ Kxg5 45. g3 1/2-1/2

[Event "ODEM U25 2010"]
[Site "Oberhof GER"]
[Date "2010.05.26"]
[Round "6"]
[White "Grötzbach, Daniel"]
[Black "Hartewig, Philipp"]
[Result "0-1"]
[Termination "normal"]
[Board "26"]
[WhiteElo "1798"]
[BlackElo "1650"]
[PlyCount "148"]
[WhiteFideId "24692166"]
[BlackFideId "1270639"]
[EventCountry "GER"]
[EventRounds "9"]
[EventType "swiss"]
[EventDate "2010.05.22"]

1. e4 d6 2. d4 Nf6 3. Nc3 g6 4. Be3 c6 5. h3 b5 6. a3 Nbd7 7. f4 Nb6 8. Nf3 Bb7
9. Bd3 Qc7 10. Qd2 a5 11. e5 dxe5 12. dxe5 Nfd5 13. Bd4 e6 14. Ne4 Nd7 15. c4
bxc4 16. Bxc4 N5b6 17. Nd6+ Bxd6 18. exd6 Qxd6 19. Bxh8 Nxc4 20. Qxd6 Nxd6 21.
Bd4 Nf5 22. Bf2 Rb8 23. O-O-O Nf6 24. Rhe1 Nd5 25. g3 h5 26. Nd4 Nd6 27. Rd2
Rc8 28. Rc2 a4 29. Kd2 c5 30. Nf3 Nxf4 31. gxf4 Bxf3 32. Ke3 Bd5 33. Rec1 c4
34. Be1 Nf5+ 35. Kf2 Nd4 36. Rc3 Rb8 37. Rb1 Nb5 38. Re3 Nd6 39. Re2 Rb3 40.
Re3 Rb7 41. Bb4 Nf5 42. Re2 Nd4 43. Rd2 Nc6 44. Bc3 Rb3 45. Re1 Kd7 46. Kg3 Ne7
47. Kh4 Nf5+ 48. Kg5 Rb5 49. Kf6 Ke8 50. Bb4 Ng3 51. Rd4 h4 52. Re5 Nf1 53.
Rdxd5 Rxd5 54. Rxd5 exd5 55. Ke5 Ne3 56. Bd2 Nd1 57. Bc1 Nf2 58. Kxd5 Nxh3 59.
Be3 f6 60. Kxc4 g5 61. fxg5 fxg5 62. Kb4 g4 63. Kxa4 g3 64. b4 g2 65. Ka5 g1=Q
66. Bxg1 Nxg1 67. b5 Kd7 68. Ka6 Ne2 69. b6 Nd4 70. b7 Nc6 71. a4 h3 72. Kb6 h2
73. a5 h1=Q 74. a6 Qb1+ 0-1

[Event "ODEM U25 2010"]
[Site "Oberhof GER"]
[Date "2010.05.26"]
[Round "6"]
[White "Wang, Julia"]
[Black "Rosenberger, Andreas"]
[Result "1-0"]
[Termination "normal"]
[Board "27"]
[WhiteElo "1722"]
[BlackElo "1441"]
[PlyCount "41"]
[WhiteFideId "24692565"]
[BlackFideId "12900192"]
[EventCountry "GER"]
[EventRounds "9"]
[EventType "swiss"]
[EventDate "2010.05.22"]

1. e4 d6 2. d4 Nf6 3. Nc3 g6 4. Bc4 Bg7 5. f4 Nbd7 6. e5 dxe5 7. fxe5 Nh5 8. e6
fxe6 9. Nf3 Nb6 10. Bb3 Nd5 11. O-O O-O 12. Ne4 c6 13. Bg5 Nhf4 14. Qe1 h6 15.
Qh4 hxg5 16. Nfxg5 Bxd4+ 17. Kh1 Nh5 18. g4 Nhf6 19. Nxf6+ Nxf6 20. Rxf6 Rxf6
21. Qh7+ 1-0

[Event "ODEM U25 2010"]
[Site "Oberhof GER"]
[Date "2010.05.26"]
[Round "6"]
[White "Mehling, Franziska"]
[Black "Dohmann, Dorothea"]
[Result "1-0"]
[Termination "normal"]
[Board "28"]
[WhiteElo "1477"]
[BlackElo "1844"]
[PlyCount "105"]
[WhiteFideId "12900133"]
[BlackFideId "12915459"]
[EventCountry "GER"]
[EventRounds "9"]
[EventType "swiss"]
[EventDate "2010.05.22"]

1. e4 c5 2. Nf3 Nc6 3. d4 cxd4 4. Nxd4 g6 5. Nc3 Bg7 6. Be3 Nf6 7. Be2 O-O 8.
O-O d5 9. exd5 Nxd5 10. Nxc6 bxc6 11. Bd4 e5 12. Bc5 Re8 13. Qd2 e4 14. Rad1
Bb7 15. Bd4 Bxd4 16. Qxd4 Qa5 17. Nxe4 f5 18. Ng3 Qxa2 19. Ra1 c5 20. Rxa2 cxd4
21. Bc4 Kf8 22. Raa1 Rac8 23. Bb3 f4 24. Rxa7 Bc6 25. Nh1 Re7 26. Ra5 Nb4 27.
Rc5 Rce8 28. h3 d3 29. cxd3 Nxd3 30. Rxc6 Re1 31. Rxe1 Rxe1+ 32. Kh2 Ne5 33.
Rf6+ Kg7 34. Rxf4 Re2 35. Ng3 Rxb2 36. Bd5 Nd3 37. Rf7+ Kh6 38. Ne4 Ne5 39. Rf4
Nd3 40. Rh4+ Kg7 41. Kg3 Nc1 42. Ng5 Ne2+ 43. Kh2 h5 44. Bc4 Nc3 45. Rf4 Kh6
46. Nf7+ Kg7 47. Ne5 Nd1 48. Rf7+ Kh6 49. Kg3 Nc3 50. Bd3 Kg5 51. h4+ Kh6 52.
Bxg6 Ne2+ 53. Kh2 1-0

[Event "ODEM U25 2010"]
[Site "Oberhof GER"]
[Date "2010.05.26"]
[Round "6"]
[White "Leddin, Mathias"]
[Black "Orhan, Eda"]
[Result "0-1"]
[Termination "normal"]
[Board "29"]
[WhiteElo "1672"]
[BlackElo "1778"]
[PlyCount "36"]
[WhiteFideId "4654684"]
[BlackFideId "24659258"]
[EventCountry "GER"]
[EventRounds "9"]
[EventType "swiss"]
[EventDate "2010.05.22"]

1. e4 d5 2. exd5 Qxd5 3. Nc3 Qd6 4. d4 Nf6 5. Be3 c6 6. Bd3 Bg4 7. f3 Bh5 8.
Qd2 e6 9. O-O-O Qc7 10. g4 Bg6 11. Ne4 Bxe4 12. Bxe4 Nbd7 13. Ne2 Nxe4 14. fxe4
Nf6 15. Bf4 Qb6 16. Nc3 Bb4 17. e5 Nd5 18. Rhf1 Nxc3 0-1

[Event "ODEM U25 2010"]
[Site "Oberhof GER"]
[Date "2010.05.26"]
[Round "6"]
[White "Eggert, André"]
[Black "Velina, Valeria"]
[Result "0-1"]
[Termination "normal"]
[Board "30"]
[WhiteElo "1300"]
[BlackElo "1776"]
[PlyCount "112"]
[WhiteFideId "1270464"]
[BlackFideId "24677345"]
[EventCountry "GER"]
[EventRounds "9"]
[EventType "swiss"]
[EventDate "2010.05.22"]

1. c4 e5 2. Nc3 Nf6 3. e3 Nc6 4. g3 d6 5. Bg2 Bd7 6. Nge2 Rb8 7. O-O g6 8. b3
Bg7 9. Bb2 O-O 10. d3 Re8 11. Qc2 Bf5 12. e4 Be6 13. Bc1 Nb4 14. Qd1 c6 15. a3
Na6 16. Bg5 h6 17. Bxf6 Bxf6 18. b4 Nc7 19. Qd2 d5 20. c5 Qe7 21. Rfe1 Bg7 22.
f3 Red8 23. Rad1 b6 24. Na4 dxe4 25. cxb6 axb6 26. Nec3 Rxd3 27. Qc2 Rxd1 28.
Rxd1 exf3 29. Bxf3 c5 30. bxc5 bxc5 31. Rb1 Rxb1+ 32. Qxb1 Qd6 33. Qd1 Qxd1+
34. Nxd1 Bf8 35. Nac3 f5 36. a4 Bc4 37. Kf2 e4 38. Be2 Bxe2 39. Kxe2 Kf7 40.
Nb2 Ke6 41. Nc4 Bg7 42. Nb1 Kd5 43. Nba3 Bc3 44. a5 Bb4 45. Nb6+ Kc6 46. Nac4
Bxa5 47. Nxa5+ Kxb6 48. Nc4+ Kb5 49. Ne5 c4 50. Kd2 Kb4 51. Nc6+ Kc5 52. Ne5
Nd5 53. Nxg6 e3+ 54. Ke2 Kd4 55. Nh4 Ke4 56. Nf3 Nc3+ 0-1

[Event "ODEM U25 2010"]
[Site "Oberhof GER"]
[Date "2010.05.26"]
[Round "6"]
[White "Weber, Yannik"]
[Black "Jorczik, Andreas Carlos"]
[Result "1/2-1/2"]
[Termination "normal"]
[Board "31"]
[WhiteElo "1285"]
[BlackElo "1779"]
[PlyCount "62"]
[WhiteFideId "24692700"]
[BlackFideId "24634921"]
[EventCountry "GER"]
[EventRounds "9"]
[EventType "swiss"]
[EventDate "2010.05.22"]

1. d4 Nf6 2. c4 e6 3. Nc3 d5 4. Bg5 Be7 5. Nf3 O-O 6. e3 b6 7. cxd5 Nxd5 8.
Nxd5 exd5 9. Bxe7 Qxe7 10. Qb3 Rd8 11. Bd3 Bb7 12. Rc1 Na6 13. a3 c5 14. Bb5
Nc7 15. Be2 Ne6 16. Qc3 Rac8 17. Qd2 f5 18. O-O Rf8 19. Rfe1 Rf6 20. b4 c4 21.
Ne5 Rh6 22. Rc3 Qh4 23. Nf3 Qf6 24. Bf1 g5 25. g3 g4 26. Ne5 Ng5 27. Bg2 Qe6
28. f4 Ne4 29. Bxe4 dxe4 30. Rd1 Bd5 31. b5 a6 1/2-1/2

[Event "ODEM U25 2010"]
[Site "Oberhof GER"]
[Date "2010.05.26"]
[Round "6"]
[White "Schirra, Felix"]
[Black "Alt, Elisabeth"]
[Result "1/2-1/2"]
[Termination "normal"]
[Board "32"]
[WhiteElo "1599"]
[BlackElo "1362"]
[PlyCount "97"]
[WhiteFideId "24692662"]
[BlackFideId "24692620"]
[EventCountry "GER"]
[EventRounds "9"]
[EventType "swiss"]
[EventDate "2010.05.22"]

1. e4 c5 2. Nf3 d6 3. d4 cxd4 4. Nxd4 a6 5. Nc3 Nf6 6. Be2 e6 7. Be3 Be7 8. O-O
O-O 9. Qd2 Bd7 10. Rfd1 Nc6 11. Rac1 b5 12. a3 Ne5 13. Nf3 Nc4 14. Bxc4 bxc4
15. e5 dxe5 16. Nxe5 Bc8 17. Nxc4 Qc7 18. Qe2 Rb8 19. a4 a5 20. Nb5 Qb7 21.
Nxa5 Qa6 22. Nb3 Qxa4 23. Nc3 Qc6 24. Rd2 Bb4 25. Bd4 Bb7 26. f3 Nd5 27. Nxd5
Qxd5 28. Bc3 Bc5+ 29. Nxc5 Qxc5+ 30. Qf2 Qc7 31. Rcd1 Bc6 32. Qg3 Qxg3 33. hxg3
Rbc8 34. Bb4 Rfe8 35. c3 h6 36. Rd6 Ba4 37. R1d2 Ra8 38. Kf2 Bb5 39. R6d4 Ra1
40. c4 Ba6 41. Bc3 f6 42. f4 Kf7 43. Rd7+ Re7 44. Bb4 Rxd7 45. Rxd7+ Kg8 46.
Ra7 Ra2 47. Bc3 Bxc4 48. Rxa2 Bxa2 49. g4 1/2-1/2

[Event "ODEM U25 2010"]
[Site "Oberhof GER"]
[Date "2010.05.26"]
[Round "6"]
[White "Bauch, Florian"]
[Black "Wachinger, David"]
[Result "0-1"]
[Termination "normal"]
[Board "33"]
[WhiteElo "1251"]
[BlackElo "1500"]
[PlyCount "84"]
[BlackFideId "24692689"]
[EventCountry "GER"]
[EventRounds "9"]
[EventType "swiss"]
[EventDate "2010.05.22"]

1. d4 d5 2. c4 e6 3. Nc3 Nf6 4. Nf3 Nbd7 5. c5 c6 6. b4 b6 7. Qa4 Qc7 8. g3
bxc5 9. Bf4 Bd6 10. Bxd6 Qxd6 11. bxc5 Qc7 12. Bg2 O-O 13. O-O e5 14. dxe5 Nxe5
15. Nxe5 Qxe5 16. Qxc6 Bd7 17. Qd6 Qxc3 18. Rac1 Qa3 19. Bxd5 Nxd5 20. Qxd5 Be6
21. Qe5 Rfc8 22. c6 Qxa2 23. Rfd1 Qa4 24. Qd6 h6 25. c7 a5 26. h4 Qg4 27. f3
Qf5 28. Rc5 Qf6 29. h5 a4 30. Rcc1 a3 31. Ra1 a2 32. g4 Qc3 33. Rdc1 Qe3+ 34.
Kg2 Qxe2+ 35. Kg3 Qb2 36. Qc6 Qe5+ 37. Kg2 Ra3 38. Rd1 Qxc7 39. Qxc7 Rxc7 40.
Rd8+ Kh7 41. Rdd1 Rc2+ 42. Kg3 Rcc3 0-1

[Event "ODEM U25 2010"]
[Site "Oberhof GER"]
[Date "2010.05.26"]
[Round "6"]
[White "Senf, Paul"]
[Black "Erben, Katrin"]
[Result "1-0"]
[Termination "normal"]
[Board "34"]
[WhiteElo "1593"]
[BlackElo "1044"]
[PlyCount "69"]
[WhiteFideId "12900389"]
[BlackFideId "24692743"]
[EventCountry "GER"]
[EventRounds "9"]
[EventType "swiss"]
[EventDate "2010.05.22"]

1. e4 e5 2. Nf3 Nc6 3. d4 exd4 4. Nxd4 Bd6 5. Nc3 Nf6 6. Nf5 O-O 7. Nxd6 cxd6
8. Bg5 Qe7 9. Bc4 Qe5 10. f4 Qd4 11. Qxd4 Nxd4 12. O-O-O Ne6 13. Bxf6 gxf6 14.
g3 b6 15. Rxd6 Kg7 16. Re1 Nc5 17. e5 fxe5 18. Rxe5 f6 19. Re7+ Kg6 20. f5+
Kxf5 21. Rxh7 Kg6 22. Rh4 Bb7 23. Rg4+ Kf5 24. Rf4+ Ke5 25. Rd1 f5 26. Re1+ Kd6
27. Rd4+ Kc7 28. Nb5+ Kb8 29. Nd6 Kc7 30. Nxb7 Kxb7 31. Bd5+ Kc7 32. Bxa8 Rxa8
33. Rf4 Rh8 34. Re2 Rh5 35. Ref2 1-0

[Event "ODEM U25 2010"]
[Site "Oberhof GER"]
[Date "2010.05.27"]
[Round "7"]
[White "Müller, Reinhold"]
[Black "Figura, Atila Gajo"]
[Result "1/2-1/2"]
[Termination "normal"]
[Board "1"]
[BlackTitle "FM"]
[WhiteElo "2279"]
[BlackElo "2418"]
[PlyCount "48"]
[WhiteFideId "24605875"]
[BlackFideId "4688058"]
[EventCountry "GER"]
[EventRounds "9"]
[EventType "swiss"]
[EventDate "2010.05.22"]

1. d4 Nf6 2. c4 e6 3. Nf3 d5 4. g3 Be7 5. Bg2 O-O 6. cxd5 exd5 7. Nc3 c6 8. O-O
Re8 9. a3 a5 10. Qc2 Nbd7 11. Bf4 Nb6 12. Ne5 Ng4 13. Rfe1 Nxe5 14. Bxe5 Be6
15. e4 dxe4 16. Bxe4 g6 17. Rad1 Qd7 18. Na4 Nxa4 19. Qxa4 Bd5 20. Qc2 Bf8 21.
Re2 Bxe4 22. Rxe4 Qd5 23. Rde1 Rac8 24. Bf6 Rxe4 1/2-1/2

[Event "ODEM U25 2010"]
[Site "Oberhof GER"]
[Date "2010.05.27"]
[Round "7"]
[White "Wurm, Alexander"]
[Black "Simon, Christopher"]
[Result "1-0"]
[Termination "normal"]
[Board "2"]
[WhiteElo "2063"]
[BlackElo "1922"]
[PlyCount "29"]
[WhiteFideId "24637246"]
[BlackFideId "24618772"]
[EventCountry "GER"]
[EventRounds "9"]
[EventType "swiss"]
[EventDate "2010.05.22"]

1. e4 d5 2. exd5 Qxd5 3. Nc3 Qd6 4. d4 Nf6 5. Nf3 a6 6. g3 Bg4 7. Bg2 Nc6 8. d5
Nb4 9. Bf4 Qd7 10. Qd2 O-O-O 11. O-O-O e6 12. Ne5 Qe7 13. Nxg4 Nxg4 14. Qe2 Nf6
15. Rhe1 1-0